<?xml version="1.0" encoding="UTF-8"?>
<record
    xmlns:xsi="http://www.w3.org/2001/XMLSchema-instance"
    xsi:schemaLocation="http://www.loc.gov/MARC21/slim http://www.loc.gov/standards/marcxml/schema/MARC21slim.xsd"
    xmlns="http://www.loc.gov/MARC21/slim">

  <leader>04466nam0a22007811  4500</leader>
  <controlfield tag="001">RU\NLR\A1\24735</controlfield>
  <controlfield tag="005">20260408064006.0</controlfield>
  <datafield tag="035" ind1=" " ind2=" ">
    <subfield code="a">(NLR Aleph) 009679059</subfield>
  </datafield>
  <datafield tag="090" ind1=" " ind2=" ">
    <subfield code="a">9694413</subfield>
    <subfield code="c">9694413</subfield>
  </datafield>
  <datafield tag="100" ind1=" " ind2=" ">
    <subfield code="a">19981126d1790    a  y0rusy50      ca</subfield>
  </datafield>
  <datafield tag="101" ind1="0" ind2=" ">
    <subfield code="a">rus</subfield>
  </datafield>
  <datafield tag="102" ind1=" " ind2=" ">
    <subfield code="a">RU</subfield>
  </datafield>
  <datafield tag="135" ind1=" " ind2=" ">
    <subfield code="a">crcn 024anaba</subfield>
  </datafield>
  <datafield tag="140" ind1=" " ind2=" ">
    <subfield code="a">y   y    kc        yaa0000  </subfield>
  </datafield>
  <datafield tag="200" ind1="1" ind2=" ">
    <subfield code="a">&#x420;&#x443;&#x43A;&#x43E;&#x432;&#x43E;&#x434;&#x441;&#x442;&#x432;&#x43E; &#x43A; &#x43C;&#x435;&#x445;&#x430;&#x43D;&#x438;&#x43A;&#x435;,</subfield>
    <subfield code="f">&#x438;&#x437;&#x434;&#x430;&#x43D;&#x43D;&#x43E;&#x435; &#x434;&#x43B;&#x44F; &#x43D;&#x430;&#x440;&#x43E;&#x434;&#x43D;&#x44B;&#x445; &#x443;&#x447;&#x438;&#x43B;&#x438;&#x449; &#x420;&#x43E;&#x441;&#x441;&#x438;&#x439;&#x441;&#x43A;&#x43E;&#x439; &#x438;&#x43C;&#x43F;&#x435;&#x440;&#x438;&#x438; &#x43F;&#x43E; &#x432;&#x44B;&#x441;&#x43E;&#x447;&#x430;&#x439;&#x448;&#x435;&#x43C;&#x443; &#x43F;&#x43E;&#x432;&#x435;&#x43B;&#x435;&#x43D;&#x438;&#x44E; &#x446;&#x430;&#x440;&#x441;&#x442;&#x432;&#x443;&#x44E;&#x449;&#x438;&#x44F; &#x438;&#x43C;&#x43F;&#x435;&#x440;&#x430;&#x442;&#x440;&#x438;&#x446;&#x44B; &#x415;&#x43A;&#x430;&#x442;&#x435;&#x440;&#x438;&#x43D;&#x44B; &#x412;&#x442;&#x43E;&#x440;&#x44B;&#x44F;.</subfield>
    <subfield code="g">[&#x41F;&#x435;&#x440;. &#x41C;.&#x415;.&#x413;&#x43E;&#x43B;&#x43E;&#x432;&#x438;&#x43D;&#x430;]</subfield>
  </datafield>
  <datafield tag="205" ind1=" " ind2=" ">
    <subfield code="a">&#x412;&#x442;&#x43E;&#x440;&#x44B;&#x43C; &#x442;&#x438;&#x441;&#x43D;&#x435;&#x43D;&#x438;&#x435;&#x43C;</subfield>
  </datafield>
  <datafield tag="210" ind1=" " ind2=" ">
    <subfield code="a">&#x412; &#x421;&#x430;&#x43D;&#x43A;&#x442;&#x43F;&#x435;&#x442;&#x435;&#x440;&#x431;&#x443;&#x440;&#x433;&#x435;</subfield>
    <subfield code="c">[&#x442;&#x438;&#x43F;. &#x411;&#x440;&#x435;&#x439;&#x442;&#x43A;&#x43E;&#x43F;&#x444;&#x430;]</subfield>
    <subfield code="d">1790</subfield>
  </datafield>
  <datafield tag="215" ind1=" " ind2=" ">
    <subfield code="a">[8], 188 &#x441;., 7 &#x43B;. &#x447;&#x435;&#x440;&#x442;.</subfield>
    <subfield code="d">8&#xB0;</subfield>
  </datafield>
  <datafield tag="310" ind1=" " ind2=" ">
    <subfield code="a">&#x422;&#x438;&#x440;&#x430;&#x436; 3000 &#x44D;&#x43A;&#x437;.</subfield>
  </datafield>
  <datafield tag="314" ind1=" " ind2=" ">
    <subfield code="a">&#x418;&#x437;&#x434;. &#x41A;&#x43E;&#x43C;&#x438;&#x441;. &#x43E;&#x431; &#x443;&#x447;&#x440;&#x435;&#x436;&#x434;&#x435;&#x43D;&#x438;&#x438; &#x43D;&#x430;&#x440;. &#x443;&#x447;-&#x449;</subfield>
  </datafield>
  <datafield tag="316" ind1=" " ind2=" ">
    <subfield code="a">&#x42D;&#x43A;&#x437;. &#x420;&#x41D;&#x411; (138/2289) &#x432; &#x446;&#x435;&#x43B;&#x44C;&#x43D;&#x43E;&#x43A;&#x43E;&#x436;&#x430;&#x43D;&#x43D;&#x43E;&#x43C; &#x43A;&#x43E;&#x440;&#x438;&#x447;&#x43D;&#x435;&#x432;&#x43E;&#x43C; &#x43C;&#x430;&#x440;&#x43C;&#x430;&#x440;&#x438;&#x440;&#x43E;&#x432;. &#x43F;&#x435;&#x440;. &#x41A;&#x43E;&#x440;&#x435;&#x448;&#x43E;&#x43A; &#x433;&#x43B;&#x430;&#x434;&#x43A;&#x438;&#x439;, &#x441; &#x431;&#x43B;&#x438;&#x43D;&#x442;&#x43E;&#x432;&#x44B;&#x43C; &#x442;&#x438;&#x441;&#x43D;&#x435;&#x43D;&#x438;&#x435;&#x43C;. &#x41D;&#x430; &#x43A;&#x43E;&#x440;&#x435;&#x448;&#x43A;&#x435; &#x43A;&#x43E;&#x440;&#x438;&#x447;&#x43D;. &#x43A;&#x43E;&#x436;&#x430;&#x43D;. &#x43D;&#x430;&#x43A;&#x43B;&#x435;&#x439;&#x43A;&#x430; &#x441; &#x432;&#x44B;&#x442;&#x438;&#x441;&#x43D;. &#x437;&#x430;&#x433;&#x43B;.: "&#x420;&#x443;&#x43A;&#x43E;&#x432;&#x43E;&#x434;&#x441;&#x442;&#x432;&#x43E; &#x43A; &#x43C;&#x435;&#x445;&#x430;&#x43D;&#x438;&#x43A;&#x435;". &#x41D;&#x430; &#x432;&#x435;&#x440;&#x445;&#x43D;&#x435;&#x439; &#x43A;&#x440;&#x44B;&#x448;&#x43A;&#x435; &#x43F;&#x435;&#x440;. &#x431;&#x43B;&#x438;&#x43D;&#x442;&#x43E;&#x432;&#x44B;&#x43C; &#x442;&#x438;&#x441;&#x43D;&#x435;&#x43D;&#x438;&#x435;&#x43C; &#x432;&#x44B;&#x442;&#x438;&#x441;&#x43D;.: "&#x417;&#x430; &#x43F;&#x440;&#x438;&#x43B;&#x435;&#x436;&#x430;&#x43D;&#x438;&#x435; &#x438; &#x431;&#x43B;&#x430;&#x433;&#x43E;&#x43D;&#x440;&#x430;&#x432;&#x438;&#x435;". &#x41F;&#x440;&#x430;&#x432;&#x430;&#x44F; &#x441;&#x442;&#x43E;&#x440;&#x43E;&#x43D;&#x430; &#x444;&#x43E;&#x440;&#x437;&#x430;&#x446;&#x430; &#x43E;&#x442;&#x441;&#x443;&#x442;&#x441;&#x442;&#x432;&#x443;&#x435;&#x442;. &#x41D;&#x430; &#x43D;&#x438;&#x436;&#x43D;&#x435;&#x439; &#x43A;&#x440;&#x44B;&#x448;&#x43A;&#x435; &#x43F;&#x435;&#x440;. &#x438; &#x444;&#x43E;&#x440;&#x437;&#x430;&#x446;&#x435; &#x44F;&#x440;&#x43B;&#x44B;&#x43A;&#x438; &#x441; &#x448;&#x438;&#x444;&#x440;&#x43E;&#x43C; &#x420;&#x41D;&#x411;. &#x41D;&#x430; &#x444;&#x43E;&#x440;&#x437;&#x430;&#x446;&#x435; &#x43C;&#x43D;&#x43E;&#x433;&#x43E;&#x447;&#x438;&#x441;&#x43B;. &#x442;&#x435;&#x445;&#x43D;. &#x43F;&#x43E;&#x43C;&#x435;&#x442;&#x44B;. &#x41D;&#x430; &#x442;&#x438;&#x442;. &#x43B;. &#x43A;&#x440;&#x443;&#x433;&#x43B;&#x44B;&#x439; &#x448;&#x442;&#x430;&#x43C;&#x43F; "&#x413;&#x43E;&#x441;&#x443;&#x434;. &#x41F;&#x443;&#x431;&#x43B;&#x438;&#x447;&#x43D;. &#x431;&#x438;&#x431;&#x43B;&#x438;&#x43E;&#x442;&#x435;&#x43A;&#x430;. &#x414;&#x443;&#x431;&#x43B;&#x435;&#x442;". &#x41D;&#x430; &#x43E;&#x431;&#x43E;&#x440;&#x43E;&#x442;&#x435; &#x442;&#x438;&#x442;. &#x43B;., &#x441;.33, 188 &#x438; &#x43E;&#x431;&#x43E;&#x440;&#x43E;&#x442;&#x430;&#x445; &#x432;&#x441;&#x435;&#x445; &#x43B;&#x438;&#x441;&#x442;&#x43E;&#x432; &#x447;&#x435;&#x440;&#x442;. &#x43A;&#x440;&#x443;&#x433;&#x43B;&#x44B;&#x439; &#x448;&#x442;&#x430;&#x43C;&#x43F; &#x413;&#x41F;&#x411;. &#x420;&#x430;&#x437;&#x43C;&#x435;&#x440;: 19,7&#x445;11,6&#x445;2,3 &#x441;&#x43C;</subfield>
    <subfield code="5">NLR: 138/2289</subfield>
  </datafield>
  <datafield tag="317" ind1=" " ind2=" ">
    <subfield code="a">&#x41E;&#x434;&#x438;&#x43D; &#x438;&#x437; &#x44D;&#x43A;&#x437;. &#x42F;&#x418;&#x410;&#x41C;&#x417; &#x438;&#x437; &#x431;-&#x43A;&#x438; &#x418;.&#x410;.&#x412;&#x430;&#x445;&#x440;&#x43E;&#x43C;&#x435;&#x435;&#x432;&#x430; &#x434;&#x435;&#x444;.: &#x43E;&#x442;&#x441;&#x443;&#x442;&#x441;&#x442;&#x432;&#x443;&#x435;&#x442; 1 &#x43B;. &#x447;&#x435;&#x440;&#x442;.</subfield>
    <subfield code="5">&#x42F;&#x418;&#x410;&#x41C;&#x417;</subfield>
  </datafield>
  <datafield tag="317" ind1=" " ind2=" ">
    <subfield code="a">&#x412; &#x44D;&#x43A;&#x437;. &#x420;&#x41D;&#x411; (138/2289) &#x43D;&#x430; &#x43B;&#x435;&#x432;&#x43E;&#x439; &#x441;&#x442;&#x43E;&#x440;&#x43E;&#x43D;&#x435; &#x43D;&#x430;&#x445;&#x437;&#x430;&#x446;&#x430; &#x432;&#x43B;&#x430;&#x434;&#x435;&#x43B;&#x44C;&#x447;&#x435;&#x441;&#x43A;&#x430;&#x44F; &#x43D;&#x430;&#x434;&#x43F;&#x438;&#x441;&#x44C;: "&#x421;&#x438;&#x44F; &#x43A;&#x43D;&#x438;&#x433;&#x430; &#x41F;&#x435;&#x442;&#x440;&#x430; &#x425;&#x430;&#x431;&#x430;&#x440;&#x43E;&#x432;&#x430;" (2 &#x440;&#x430;&#x437;&#x430;)</subfield>
    <subfield code="5">138/2289</subfield>
  </datafield>
  <datafield tag="321" ind1="1" ind2=" ">
    <subfield code="a">&#x421;&#x41A; XVIII 6199</subfield>
  </datafield>
  <datafield tag="321" ind1=" " ind2=" ">
    <subfield code="a">&#x421;&#x41A; XVIII. &#x422;.5. &#x421;.297</subfield>
  </datafield>
  <datafield tag="325" ind1=" " ind2=" ">
    <subfield code="a">&#x41A;&#x43E;&#x43F;&#x438;&#x44F; &#x434;&#x43E;&#x441;&#x442;&#x443;&#x43F;&#x43D;&#x430; &#x432; &#x42D;&#x43B;&#x435;&#x43A;&#x442;&#x440;&#x43E;&#x43D;. &#x431;-&#x43A;&#x435; &#x420;&#x41D;&#x411;</subfield>
  </datafield>
  <datafield tag="620" ind1=" " ind2=" ">
    <subfield code="d">&#x421;&#x430;&#x43D;&#x43A;&#x442;-&#x41F;&#x435;&#x442;&#x435;&#x440;&#x431;&#x443;&#x440;&#x433;</subfield>
  </datafield>
  <datafield tag="702" ind1=" " ind2="1">
    <subfield code="4">610</subfield>
    <subfield code="7">ca</subfield>
    <subfield code="8">rus</subfield>
    <subfield code="a">&#x411;&#x440;&#x435;&#x439;&#x442;&#x43A;&#x43E;&#x43F;&#x444;</subfield>
    <subfield code="b">&#x424;. &#x418;.</subfield>
    <subfield code="f">1749-1820</subfield>
    <subfield code="g">&#x424;&#x435;&#x434;&#x43E;&#x440; &#x418;&#x432;&#x430;&#x43D;&#x43E;&#x432;&#x438;&#x447;</subfield>
    <subfield code="9">183064</subfield>
    <subfield code="3">RU\NLR\AUTH\770183115</subfield>
  </datafield>
  <datafield tag="702" ind1=" " ind2="1">
    <subfield code="a">&#x425;&#x430;&#x431;&#x430;&#x440;&#x43E;&#x432;</subfield>
    <subfield code="b">&#x41F;.</subfield>
    <subfield code="g">&#x41F;&#x435;&#x442;&#x440;</subfield>
    <subfield code="5">138/2289</subfield>
    <subfield code="4">390</subfield>
  </datafield>
  <datafield tag="702" ind1=" " ind2="1">
    <subfield code="4">730</subfield>
    <subfield code="7">ca</subfield>
    <subfield code="8">rus</subfield>
    <subfield code="a">&#x413;&#x43E;&#x43B;&#x43E;&#x432;&#x438;&#x43D;</subfield>
    <subfield code="b">&#x41C;. &#x415;.</subfield>
    <subfield code="f">1756-1790</subfield>
    <subfield code="g">&#x41C;&#x438;&#x445;&#x430;&#x438;&#x43B; &#x415;&#x432;&#x441;&#x435;&#x432;&#x44C;&#x435;&#x432;&#x438;&#x447;</subfield>
    <subfield code="9">199132</subfield>
    <subfield code="3">RU\NLR\AUTH\770199183</subfield>
  </datafield>
  <datafield tag="702" ind1=" " ind2="1">
    <subfield code="4">390</subfield>
    <subfield code="8">rus</subfield>
    <subfield code="7">ca</subfield>
    <subfield code="a">&#x412;&#x430;&#x445;&#x440;&#x43E;&#x43C;&#x435;&#x435;&#x432;</subfield>
    <subfield code="b">&#x418;. &#x410;.</subfield>
    <subfield code="f">1843-1908</subfield>
    <subfield code="g">&#x418;&#x432;&#x430;&#x43D; &#x410;&#x43B;&#x435;&#x43A;&#x441;&#x430;&#x43D;&#x434;&#x440;&#x43E;&#x432;&#x438;&#x447;</subfield>
    <subfield code="3">RU\NLR\AUTH\77109382</subfield>
    <subfield code="9">92307</subfield>
  </datafield>
  <datafield tag="712" ind1="0" ind2="2">
    <subfield code="4">610</subfield>
    <subfield code="a">&#x411;&#x440;&#x435;&#x439;&#x442;&#x43A;&#x43E;&#x43F;&#x444;, &#x442;&#x438;&#x43F;&#x43E;&#x433;&#x440;&#x430;&#x444;&#x438;&#x44F;</subfield>
    <subfield code="c">&#x41F;&#x435;&#x442;&#x435;&#x440;&#x431;&#x443;&#x440;&#x433;</subfield>
    <subfield code="3">RU\NLR\AUTH\8810039155</subfield>
    <subfield code="9">577217</subfield>
  </datafield>
  <datafield tag="801" ind1=" " ind2="0">
    <subfield code="a">RU</subfield>
    <subfield code="b">NLR</subfield>
    <subfield code="c">19981126</subfield>
  </datafield>
  <datafield tag="852" ind1=" " ind2=" ">
    <subfield code="a">NLR</subfield>
    <subfield code="j">18.66.6.47</subfield>
  </datafield>
  <datafield tag="852" ind1=" " ind2=" ">
    <subfield code="a">NLR</subfield>
    <subfield code="j">138/2289</subfield>
  </datafield>
  <datafield tag="856" ind1=" " ind2="0">
    <subfield code="u">https://vivaldi.nlr.ru/bx000025288/view</subfield>
  </datafield>
  <datafield tag="856" ind1=" " ind2="1">
    <subfield code="u">https://vivaldi.nlr.ru/bx000025288/cover</subfield>
  </datafield>
  <datafield tag="856" ind1=" " ind2="2">
    <subfield code="u">https://vivaldi.nlr.ru/bx000025288/text</subfield>
  </datafield>
  <datafield tag="899" ind1=" " ind2=" ">
    <subfield code="a">&#x421;&#x41E;&#x41A;&#x41C;</subfield>
  </datafield>
  <datafield tag="899" ind1=" " ind2=" ">
    <subfield code="a">&#x41D;&#x411;&#x41B; &#x41A;&#x413;&#x423;</subfield>
    <subfield code="y">4 &#x44D;&#x43A;&#x437;.</subfield>
  </datafield>
  <datafield tag="899" ind1=" " ind2=" ">
    <subfield code="a">&#x41E;&#x41C;</subfield>
  </datafield>
  <datafield tag="899" ind1=" " ind2=" ">
    <subfield code="a">&#x41D;&#x413;&#x41E;&#x41D;&#x411;</subfield>
    <subfield code="y">4 &#x44D;&#x43A;&#x437;.</subfield>
  </datafield>
  <datafield tag="899" ind1=" " ind2=" ">
    <subfield code="a">&#x412;&#x41E;&#x423;&#x41D;&#x411;</subfield>
  </datafield>
  <datafield tag="899" ind1=" " ind2=" ">
    <subfield code="a">&#x420;&#x413;&#x411;</subfield>
  </datafield>
  <datafield tag="899" ind1=" " ind2=" ">
    <subfield code="a">&#x411;&#x410;&#x41D;</subfield>
  </datafield>
  <datafield tag="899" ind1=" " ind2=" ">
    <subfield code="a">&#x41A;&#x43E;&#x441;&#x442;&#x41E;&#x423;&#x41D;&#x411;</subfield>
  </datafield>
  <datafield tag="899" ind1=" " ind2=" ">
    <subfield code="a">&#x41A;&#x438;&#x440;&#x41E;&#x423;&#x41D;&#x411;</subfield>
    <subfield code="y">2 &#x44D;&#x43A;&#x437;.</subfield>
  </datafield>
  <datafield tag="899" ind1=" " ind2=" ">
    <subfield code="a">&#x413;&#x411;&#x413;&#x418;</subfield>
  </datafield>
  <datafield tag="899" ind1=" " ind2=" ">
    <subfield code="a">&#x41C;&#x413;&#x423;</subfield>
  </datafield>
  <datafield tag="899" ind1=" " ind2=" ">
    <subfield code="a">&#x413;&#x41F;&#x418;&#x411;</subfield>
  </datafield>
  <datafield tag="899" ind1=" " ind2=" ">
    <subfield code="a">&#x41A;&#x41A;&#x41C;</subfield>
  </datafield>
  <datafield tag="899" ind1=" " ind2=" ">
    <subfield code="a">&#x423;&#x41E;&#x41D;&#x411;</subfield>
  </datafield>
  <datafield tag="899" ind1=" " ind2=" ">
    <subfield code="a">&#x42F;&#x418;&#x410;&#x41C;&#x417;</subfield>
    <subfield code="y">2 &#x44D;&#x43A;&#x437;.</subfield>
  </datafield>
  <datafield tag="899" ind1=" " ind2=" ">
    <subfield code="a">&#x413;&#x41C;&#x417;&#x420;&#x41A;</subfield>
  </datafield>
  <datafield tag="899" ind1=" " ind2=" ">
    <subfield code="a">&#x41F;&#x413;&#x41E;&#x41A;&#x41C;</subfield>
  </datafield>
  <datafield tag="899" ind1=" " ind2=" ">
    <subfield code="a">&#x41D;&#x426;&#x413;&#x411;</subfield>
  </datafield>
  <datafield tag="942" ind1=" " ind2=" ">
    <subfield code="c">BOOK</subfield>
  </datafield>
  <datafield tag="980" ind1=" " ind2=" ">
    <subfield code="a">NB</subfield>
  </datafield>
  <datafield tag="980" ind1="3" ind2=" ">
    <subfield code="a">kpcivil</subfield>
  </datafield>
  <datafield tag="980" ind1="3" ind2=" ">
    <subfield code="a">kp2021</subfield>
  </datafield>
  <datafield tag="980" ind1="3" ind2=" ">
    <subfield code="a">kp</subfield>
  </datafield>
  <datafield tag="980" ind1=" " ind2=" ">
    <subfield code="a">A1XVIIIv</subfield>
  </datafield>
  <datafield tag="981" ind1="2" ind2="2">
    <subfield code="a">(22) &#x41C;&#x430;&#x442;&#x435;&#x440;&#x438;&#x430;&#x43B;&#x44B; &#x43F;&#x43E; &#x438;&#x441;&#x442;&#x43E;&#x440;&#x438;&#x438; &#x420;&#x43E;&#x441;&#x441;&#x438;&#x438;</subfield>
    <subfield code="b">(22) &#x41A;&#x443;&#x43B;&#x44C;&#x442;&#x443;&#x440;&#x430;. &#x41D;&#x430;&#x443;&#x43A;&#x430;. &#x41F;&#x440;&#x43E;&#x441;&#x432;&#x435;&#x449;&#x435;&#x43D;&#x438;&#x435;.</subfield>
  </datafield>
  <datafield tag="981" ind1="2" ind2="0">
    <subfield code="a">(20) &#x41A;&#x43D;&#x438;&#x436;&#x43D;&#x44B;&#x435; &#x43F;&#x430;&#x43C;&#x44F;&#x442;&#x43D;&#x438;&#x43A;&#x438; &#x420;&#x41D;&#x411;</subfield>
    <subfield code="b">(20) &#x420;&#x443;&#x441;&#x441;&#x43A;&#x438;&#x439; &#x43A;&#x43D;&#x438;&#x436;&#x43D;&#x44B;&#x439; &#x444;&#x43E;&#x43D;&#x434;</subfield>
  </datafield>
  <datafield tag="995" ind1=" " ind2=" ">
    <subfield code="5">2016-05-13</subfield>
    <subfield code="b">NLR02</subfield>
    <subfield code="c">NLR02</subfield>
    <subfield code="e">RFS</subfield>
    <subfield code="f">9679059-10</subfield>
    <subfield code="k">18.66.6.47</subfield>
    <subfield code="o">0</subfield>
    <subfield code="r">BOOK</subfield>
    <subfield code="s">1866647_</subfield>
  </datafield>
</record>
